| 000 | 00578nam a2200205 a 4500 | ||
|---|---|---|---|
| 001 | 19296 | ||
| 003 | CO-ViMGA | ||
| 008 | 141112s2004 ck r 000 u spa d | ||
| 020 | _a8420638382 | ||
| 040 |
_aCO-ViMGA _bspa _cCO-ViMGA |
||
| 082 | 0 | 4 | _aA863 B673h |
| 100 | 1 | _aBioy Casares, Adolfo | |
| 245 | 1 | 0 | _aHistorias fantásticas |
| 260 |
_aMadrid : _bAlianza; 2001 |
||
| 300 | _a323 p. | ||
| 490 | _aEl libro de bolsillo, Biblioteca de autor - Adolfo Bioy Casares | ||
| 590 | _aForma de adquisición : Premio Mincultura | ||
| 650 | 1 | 4 | _aCUENTOS ARGENTINOS |
| 942 |
_2ddc _cBK |
||
| 999 |
_c28455 _d28455 |
||